000 00614nam a2200181Ia 4500
008 151018s9999 xx 000 0 und d
082 _bRBASDV60791
_a891.463
100 _aश्वेता कुलकर्णी
245 _aप्रतिष्ठा
250 _b1
260 _b"निखील प्रकाशन, कोल्हापूर"
_c2013
300 _a160
600 _aश्वेता कुलकर्णी
630 _aप्रतिष्ठा
700 _aश्वेता कुलकर्णी
730 _aप्रतिष्ठा
942 _cBOOK
999 _c1054293
_d1054290